Countries With The Highest Default Risk In 2022 - Statistics

General Stats
  • This quiz has been taken 21 times
  • The average score is 11 of 25
Answer Stats
Sovereign Debt
Vulnerabality
Ranking
Country Govt. Bond
Yield(Latest)
5y Credit
Default Swap Spread(Latest)
Interest Expense 2022
(% of GDP)
Govt. Debt 2022
(% of GDP)
% Correct
8 Ukraine 60.4% 10,856 2.9% 49.0%
94%
7 Argentina 20.7% 4,470 1.7% 74.3%
65%
11 Brazil 6.0% 299 7.2% 91.9%
59%
4 Pakistan 16.8% 1,492 4.8% 71.3%
59%
23 Colombia 7.3% 297 2.9% 60.6%
53%
5 Egypt 13.2% 368 8.2% 94.0%
53%
20 Turkey 10.1% 839 3.0% 43.7%
53%
19 Ecuador 13.3% 1,006 1.3% 62.2%
47%
2 Ghana 17.1% 2,071 7.2% 84.6%
47%
6 Kenya 14.6% 1,134 4.4% 70.3%
47%
25 Mexico 5.5% 178 4.5% 58.4%
47%
18 Morocco 7.3% 330 2.4% 77.1%
47%
15 South Africa 7.3% 315 4.7% 70.2%
47%
21 Dominican Republic 7.9% 450 2.9% 59.4%
41%
1 El Salvador 31.8% 3,376 4.9% 82.6%
41%
22 Ethiopia 33.9% 3,035 1.1% 48.3%
41%
10 Namibia 9.4% 593 4.2% 69,6%
41%
24 Nigeria 12.8% 990 2.3% 37.4%
41%
13 Senegal 10.2% 602 2.1% 75.3%
41%
3 Tunisia 32.1% 1,200 3.0% 87.3%
35%
12 Angola 12.0% 834 4.0% 57.9%
29%
16 Costa Rica 7.6% 294 5.2% 69.4%
29%
14 Rwanda 8.9% 567 2.5% 72.0%
29%
17 Gabon 11.7% 873 2.4% 57.4%
18%
9 Bahrain 6.6% 327 4.5% 116.5%
6%
No matching quizzes found
Score Distribution
Percent of People with Each Score
Percentile by Number Answered
Your Score History
You have not taken this quiz